书目信息 |
| 题名: |
生物医学微系统技术及应用
|
|
| 作者: | 蒋稼欢 编著 | |
| 分册: | ||
| 出版信息: | 北京 化学工业出版社现代生物技术与医药科技出版中心 2006 |
|
| 页数: | 380页 | |
| 开本: | 26cm | |
| 丛书名: | ||
| 单 册: | ||
| 中图分类: | R318 | |
| 科图分类: | ||
| 主题词: | 生物医学工程--sheng wu yi xue gong cheng | |
| 电子资源: | ||
| ISBN: | 7-5025-8054-9 | |
| 000 | 00823nam0 2200217 45 | |
| 001 | 012006000000 | |
| 005 | 20061116090708.03 | |
| 010 | @a7-5025-8054-9@dCNY59.00 | |
| 100 | @a20060315d2006 em y0chiy0121 ea | |
| 101 | 0 | @achi |
| 102 | @aCN@b110000 | |
| 105 | @aak z 000yy | |
| 200 | 1 | @a生物医学微系统技术及应用@Asheng wu yi xue wei xi tong ji shu ji ying yong@f蒋稼欢编著 |
| 210 | @a北京@c化学工业出版社现代生物技术与医药科技出版中心@d2006 | |
| 215 | @a380页@c图@d26cm | |
| 330 | @a本书旨在刻画利用微系统技术去解决生物医学分析问题的方法和思路, 内容包括微阵列芯片在内的微图型化技术、与生物分子及细胞生物学中研究和流程紧密结合的微流动技术等。 | |
| 606 | 0 | @a生物医学工程@Asheng wu yi xue gong cheng |
| 690 | @aR318@v4 | |
| 701 | 0 | @a蒋稼欢@Ajiang jia huan@4编著 |
| 801 | 0 | @aCN@c20061116 |
| 905 | @apdsgxy@dR318@eJ560 | |
| 生物医学微系统技术及应用/蒋稼欢编著.-北京:化学工业出版社现代生物技术与医药科技出版中心,2006 |
| 380页:图;26cm |
| ISBN 7-5025-8054-9:CNY59.00 |
| 本书旨在刻画利用微系统技术去解决生物医学分析问题的方法和思路, 内容包括微阵列芯片在内的微图型化技术、与生物分子及细胞生物学中研究和流程紧密结合的微流动技术等。 |
| ● |
| 相关链接 |
|
|
|
正题名:生物医学微系统技术及应用
索取号:R318/J560
 
预约/预借
| 序号 | 登录号 | 条形码 | 馆藏地/架位号 | 状态 | 备注 |
| 1 | 639097 | 206390975 | 自科库401/401自科库 13排3列4层/ [索取号:R318/J560] | 在馆 | |
| 2 | 639098 | 206390984 | 自科库401/401自科库 13排3列4层/ [索取号:R318/J560] | 在馆 |